[Event "Scarborough Major 47th"]
[Site "Scarborough"]
[Date "2024.10.27"]
[Round "5.10"]
[White "Morris, Gary"]
[Black "Best, Francis P"]
[Result "0-1"]
[WhiteElo "1643"]
[BlackElo "1716"]
[PlyCount "82"]
[EventDate "2024.10.25"]
[EventType "swiss"]
[EventRounds "5"]
[EventCountry "ENG"]
[SourceTitle "BritBase"]
[Source "John Saunders"]
[SourceDate "2024.12.27"]
[SourceVersion "1"]
[SourceVersionDate "2024.12.27"]
[SourceQuality "1"]

1. c4 Nf6 2. Nc3 e6 3. Nf3 d5 4. d4 Be7 5. g3 O-O 6. Bg2 c6 7. O-O Nbd7 8. Qd3 b6 9. e4 dxe4 10. Nxe4 Bb7 11. Rd1 Qc8 12. Nxf6+ Nxf6 13. Bg5 h6 14. Bf4 Rd8 15. Qe2 Bd6 16. Bxd6 Rxd6 17. c5 Rd8 18. Ne5 b5 19. Qf3 Qc7 20. h4 Rac8 21. g4 Qe7 22. h5 Nd5 23. a4 a6 24. Bf1 Qf6 25. Qxf6 gxf6 26. Nd3 Kh8 27. Be2 Rg8 28. Kg2 Rce8 29. Kg3 e5 30. dxe5 fxe5 31. Rac1 f5 32. axb5 axb5 33. Ne1 f4+ 34. Kh4 e4 35. f3 Bc8 36. Bxb5 cxb5 37. Rxd5 exf3 38. g5 hxg5+ 39. Rxg5 Rxg5 40. Kxg5 Rg8+ 41. Kxf4 Rf8+ 0-1

[Event "Scarborough Major 47th"]
[Site "Scarborough"]
[Date "2024.10.27"]
[Round "5.11"]
[White "Wheeler, James M"]
[Black "Wilson, Kevin J"]
[Result "1/2-1/2"]
[WhiteElo "1852"]
[BlackElo "1894"]
[PlyCount "23"]
[EventDate "2024.10.25"]
[EventType "swiss"]
[EventRounds "5"]
[EventCountry "ENG"]
[SourceTitle "BritBase"]
[Source "John Saunders"]
[SourceDate "2024.12.27"]
[SourceVersion "1"]
[SourceVersionDate "2024.12.27"]
[SourceQuality "1"]

1. e4 c6 2. d4 d5 3. exd5 cxd5 4. Bd3 Nc6 5. c3 Qc7 6. h3 g6 7. Na3 a6 8. Nc2 Bf5 9. Ne3 Bxd3 10. Qxd3 e6 11. Nf3 Bg7 12. Bd2 1/2-1/2

[Event "Scarborough Major 47th"]
[Site "Scarborough"]
[Date "2024.10.27"]
[Round "5.13"]
[White "Revell, Jeremy"]
[Black "Jennings, Roger W"]
[Result "0-1"]
[WhiteElo "1781"]
[BlackElo "1980"]
[PlyCount "72"]
[EventDate "2024.10.25"]
[EventType "swiss"]
[EventRounds "5"]
[EventCountry "ENG"]
[SourceTitle "BritBase"]
[Source "John Saunders"]
[SourceDate "2024.12.27"]
[SourceVersion "1"]
[SourceVersionDate "2024.12.27"]
[SourceQuality "1"]

1. c4 g6 2. g3 Bg7 3. Bg2 Nf6 4. Nc3 O-O 5. d4 d6 6. h3 Nc6 7. Nf3 Bf5 8. g4 Bd7 9. e4 e5 10. d5 Nd4 11. Be3 Nxf3+ 12. Bxf3 a6 13. b4 c6 14. Rc1 cxd5 15. cxd5 Rc8 16. Kf1 Rc4 17. Qb3 Rc8 18. Kg2 h5 19. Bg5 Qb6 20. Be3 Qd8 21. Qd1 Nh7 22. Qd2 f5 23. gxf5 gxf5 24. exf5 Bxf5 25. h4 Bg6 26. Rcg1 Rxc3 27. Qxc3 e4 28. Bd4 Rxf3 29. Qb2 Bxd4 30. Qxd4 Nf6 31. Kf1 Ng4 32. Rxg4 hxg4 33. h5 Bh7 34. h6 Qf6 35. Qb6 e3 36. Rh2 Rxf2+ 0-1

[Event "Scarborough Major 47th"]
[Site "Scarborough"]
[Date "2024.10.27"]
[Round "5.14"]
[White "McCarthy, Damian"]
[Black "Bromilow, Edward T"]
[Result "1-0"]
[WhiteElo "1884"]
[BlackElo "1866"]
[PlyCount "77"]
[EventDate "2024.10.25"]
[EventType "swiss"]
[EventRounds "5"]
[EventCountry "ENG"]
[SourceTitle "BritBase"]
[Source "John Saunders"]
[SourceDate "2024.12.27"]
[SourceVersion "1"]
[SourceVersionDate "2024.12.27"]
[SourceQuality "1"]

1. e4 c6 2. d4 d5 3. e5 c5 4. dxc5 Nc6 5. Nf3 Bg4 6. c3 e6 7. Be3 Nge7 8. Nbd2 Nf5 9. Bd4 Nfxd4 10. cxd4 Be7 11. Qa4 O-O 12. Bb5 Qc7 13. O-O Rfc8 14. Rac1 a6 15. Bd3 Bxf3 16. Nxf3 b6 17. cxb6 Qxb6 18. a3 h6 19. Rc3 a5 20. Rfc1 Na7 21. Rxc8+ Rxc8 22. Rxc8+ Nxc8 23. Qe8+ Bf8 24. Qxc8 Qxb2 25. g3 Qxa3 26. Qc2 Qb4 27. Qb1 Qc3 28. Kg2 a4 29. Qc2 Qb4 30. Qd2 Qb6 31. Qa2 a3 32. Bb1 Qc7 33. Ne1 g6 34. Qc2 Qa7 35. Nf3 Qa5 36. g4 Qd8 37. h4 f5 38. exf6 Qxf6 39. Ne5 1-0

[Event "Scarborough Major 47th"]
[Site "Scarborough"]
[Date "2024.10.27"]
[Round "5.16"]
[White "Trevelyan, Andy J"]
[Black "Griffin-Young, Sebastian"]
[Result "0-1"]
[WhiteElo "1817"]
[BlackElo "1658"]
[PlyCount "80"]
[EventDate "2024.10.25"]
[EventType "swiss"]
[EventRounds "5"]
[EventCountry "ENG"]
[SourceTitle "BritBase"]
[Source "John Saunders"]
[SourceDate "2024.12.27"]
[SourceVersion "1"]
[SourceVersionDate "2024.12.27"]
[SourceQuality "1"]

1. Nf3 Nf6 2. g3 g6 3. Bg2 Bg7 4. c4 O-O 5. Nc3 d6 6. d4 Nc6 7. d5 Ne5 8. Nxe5 dxe5 9. Qb3 Rb8 10. Bg5 h6 11. Be3 b6 12. Rd1 Bb7 13. O-O Ng4 14. Bc1 f5 15. c5 Kh7 16. c6 Bc8 17. Qa3 a6 18. b4 Qe8 19. b5 a5 20. e4 f4 21. h3 f3 22. Bh1 Nf6 23. Kh2 g5 24. Bxf3 Bxh3 25. Kxh3 g4+ 26. Kg2 gxf3+ 27. Kxf3 Qh5+ 28. Ke3 Ng4+ 29. Kd2 Nxf2 30. Rde1 Qf3 31. Kc2 Qd3+ 32. Kb2 Ng4 33. Rd1 Qxg3 34. Qxe7 Rxf1 35. Rxf1 Qg2+ 36. Kb3 Qxf1 37. Qxc7 Rf8 38. Ba3 Rf3 39. Qxb6 Qd1+ 40. Kc4 Qd3+ 0-1

[Event "Scarborough Major 47th"]
[Site "Scarborough"]
[Date "2024.10.27"]
[Round "5.20"]
[White "Leigh, Dominic"]
[Black "Broughton, Daniel"]
[Result "1/2-1/2"]
[WhiteElo "1727"]
[BlackElo "1966"]
[PlyCount "81"]
[EventDate "2024.10.25"]
[EventType "swiss"]
[EventRounds "5"]
[EventCountry "ENG"]
[SourceTitle "BritBase"]
[Source "John Saunders"]
[SourceDate "2024.12.27"]
[SourceVersion "1"]
[SourceVersionDate "2024.12.27"]
[SourceQuality "1"]

1. d4 Nf6 2. c4 d6 3. Nf3 Nbd7 4. Nc3 e5 5. e4 c6 6. Be2 Be7 7. O-O O-O 8. h3 a6 9. a3 Qc7 10. Be3 Re8 11. dxe5 dxe5 12. Qc2 Bc5 13. Bxc5 Nxc5 14. Rfd1 Ne6 15. Bf1 Nf4 16. c5 h6 17. Na4 Be6 18. Nb6 Rad8 19. Bc4 Nd7 20. Nxd7 Rxd7 21. Rxd7 Qxd7 22. Rd1 Qe7 23. b4 Bc8 24. Qd2 Qf6 25. Qd6 Nxh3+ 26. Kf1 Ng5 27. Qxf6 gxf6 28. Nxg5 fxg5 29. Rd6 Kg7 30. a4 Re7 31. f3 Rc7 32. Kf2 Bd7 33. g4 Be8 34. Bb3 f6 35. Be6 Bf7 36. Rd7 Rxd7 37. Bxd7 Bb3 38. a5 Bc4 39. Bc8 Kf7 40. Bxb7 Bb5 41. Bc8 1/2-1/2

[Event "Scarborough Major 47th"]
[Site "Scarborough"]
[Date "2024.10.27"]
[Round "5.21"]
[White "Newton, Robert"]
[Black "Graham, Oliver"]
[Result "1/2-1/2"]
[WhiteElo "1886"]
[BlackElo "1818"]
[PlyCount "48"]
[EventDate "2024.10.25"]
[EventType "swiss"]
[EventRounds "5"]
[EventCountry "ENG"]
[SourceTitle "BritBase"]
[Source "John Saunders"]
[SourceDate "2024.12.27"]
[SourceVersion "1"]
[SourceVersionDate "2024.12.27"]
[SourceQuality "1"]

1. d4 Nf6 2. Nf3 d5 3. e3 Bf5 4. c4 c6 5. Nc3 e6 6. cxd5 exd5 7. Bd3 Bg6 8. O-O Bd6 9. Ne5 Bxe5 10. dxe5 Nfd7 11. f4 Bxd3 12. Qxd3 Qe7 13. Bd2 Na6 14. a3 Nac5 15. Qc2 O-O 16. b4 Na6 17. Rf3 f5 18. Qa2 Kh8 19. Ne2 Nc7 20. Rc1 Ne6 21. Be1 Nb6 22. Nd4 Nc4 23. Qb3 Nxd4 24. exd4 b5 {[=]} 1/2-1/2

[Event "Scarborough Major 47th"]
[Site "Scarborough"]
[Date "2024.10.27"]
[Round "5.22"]
[White "Pitel, Benedikt"]
[Black "Horrocks, Steve J"]
[Result "1-0"]
[WhiteElo "1829"]
[BlackElo "1929"]
[PlyCount "31"]
[EventDate "2024.10.25"]
[EventType "swiss"]
[EventRounds "5"]
[EventCountry "ENG"]
[SourceTitle "BritBase"]
[Source "John Saunders"]
[SourceDate "2024.12.27"]
[SourceVersion "1"]
[SourceVersionDate "2024.12.27"]
[SourceQuality "1"]

1. e4 c6 2. d4 d5 3. e5 c5 4. dxc5 Nc6 5. Bf4 Qa5+ 6. Nc3 e6 7. Nf3 a6 8. a3 Qxc5 9. Bd3 b5 10. O-O Nge7 11. Be3 d4 12. Ne4 Qd5 13. Nd6+ Kd7 14. Be4 Qc5 15. Bxd4 Nxd4 16. Bxa8 1-0

[Event "Scarborough Major 47th"]
[Site "Scarborough"]
[Date "2024.10.27"]
[Round "5.23"]
[White "Awesome, John Aanuoluwapo"]
[Black "Georgiou, Denis"]
[Result "1-0"]
[WhiteElo "1697"]
[BlackElo "1850"]
[PlyCount "85"]
[EventDate "2024.10.25"]
[EventType "swiss"]
[EventRounds "5"]
[EventCountry "ENG"]
[SourceTitle "BritBase"]
[Source "John Saunders"]
[SourceDate "2024.12.27"]
[SourceVersion "1"]
[SourceVersionDate "2024.12.27"]
[SourceQuality "1"]

1. e4 c5 2. Nf3 d6 3. d4 cxd4 4. Nxd4 Nf6 5. Nc3 a6 6. Be2 e5 7. Nb3 Be7 8. Be3 Be6 9. f3 Nbd7 10. Qd2 h5 11. h4 b5 12. a3 Rc8 13. O-O-O Qc7 14. Kb1 Nb6 15. Bxb5+ axb5 16. Nxb5 Qd8 17. Bxb6 Qxb6 18. Nxd6+ Bxd6 19. Qxd6 Qxd6 20. Rxd6 Ke7 21. Rhd1 Rhd8 22. Rxd8 Rxd8 23. Rxd8 Kxd8 24. Na5 Nd7 25. c4 Kc7 26. Kc2 Nb8 27. Kc3 Nc6 28. Nxc6 Kxc6 29. b4 f6 30. a4 g5 31. a5 gxh4 32. b5+ Kb7 33. c5 h3 34. gxh3 Bxh3 35. c6+ Kc7 36. Kb4 Bc8 37. Kc5 h4 38. a6 Kb8 39. Kb6 h3 40. a7+ Ka8 41. Kc7 Kxa7 42. b6+ Ka6 43. b7 1-0

[Event "Scarborough Major 47th"]
[Site "Scarborough"]
[Date "2024.10.27"]
[Round "5.24"]
[White "Shivakumar, Akshath"]
[Black "Williams, David"]
[Result "1-0"]
[WhiteElo "1716"]
[BlackElo "1870"]
[PlyCount "63"]
[EventDate "2024.10.25"]
[EventType "swiss"]
[EventRounds "5"]
[EventCountry "ENG"]
[SourceTitle "BritBase"]
[Source "John Saunders"]
[SourceDate "2024.12.27"]
[SourceVersion "1"]
[SourceVersionDate "2024.12.27"]
[SourceQuality "1"]

1. d4 c6 2. c4 d5 3. Nf3 g6 4. g3 Bg7 5. Bg2 Nf6 6. O-O O-O 7. Nbd2 b6 8. Qc2 Bf5 9. Qa4 Be6 10. Ne5 Qd6 11. cxd5 cxd5 12. Ndf3 Bd7 13. Qb3 e6 14. Bf4 Qe7 15. Rac1 Rc8 16. Rxc8+ Bxc8 17. Rc1 Bb7 18. Nxg6 hxg6 19. Rc7 Qd8 20. Rxb7 Nh5 21. Bxb8 Rxb8 22. Rxa7 Nf6 23. Ne5 Rc8 24. h3 Rc7 25. Ra6 Rb7 26. Qc3 Ne8 27. Qc6 Nd6 28. a4 Bf8 29. b4 b5 30. a5 Rb8 31. Qd7 Qg5 32. Rxd6 1-0

[Event "Scarborough Major 47th"]
[Site "Scarborough"]
[Date "2024.10.27"]
[Round "5.26"]
[White "Wilson, Matthew R"]
[Black "Pugh, Glyn D"]
[Result "0-1"]
[WhiteElo "1800"]
[BlackElo "1846"]
[PlyCount "78"]
[EventDate "2024.10.25"]
[EventType "swiss"]
[EventRounds "5"]
[EventCountry "ENG"]
[SourceTitle "BritBase"]
[Source "John Saunders"]
[SourceDate "2024.12.27"]
[SourceVersion "1"]
[SourceVersionDate "2024.12.27"]
[SourceQuality "1"]

1. e4 d5 2. exd5 Qxd5 3. Nc3 Qa5 4. d4 Nf6 5. Nf3 Bf5 6. Bd2 c6 7. Bc4 Qc7 8. O-O e6 9. a4 Nbd7 10. Re1 Be7 11. h3 Nb6 12. Bf1 O-O 13. Nh4 Bg6 14. Nxg6 hxg6 15. Qf3 Rad8 16. a5 Nbd5 17. Ne4 Nxe4 18. Qxe4 Qd7 19. c3 c5 20. Rad1 Nf6 21. Qf3 cxd4 22. cxd4 Nd5 23. a6 b6 24. Bc4 Bf6 25. Bc3 Qc8 26. Bf1 Rd6 27. Rc1 Rc6 28. Bb5 Rc7 29. Red1 Rd8 30. Bd2 Rc2 31. Qe4 Rxd2 32. Rxc8 Rxd1+ 33. Kh2 Rxc8 34. Bd7 Rxd4 35. Qe2 Rd8 36. Bc6 e5 37. Qf3 e4 38. Qg3 Nb4 39. Bb5 R4d5 0-1

[Event "Scarborough Major 47th"]
[Site "Scarborough"]
[Date "2024.10.27"]
[Round "5.27"]
[White "Harris, John"]
[Black "Hill, Maurice J"]
[Result "0-1"]
[WhiteElo "1717"]
[BlackElo "1818"]
[PlyCount "73"]
[EventDate "2024.10.25"]
[EventType "swiss"]
[EventRounds "5"]
[EventCountry "ENG"]
[SourceTitle "BritBase"]
[Source "John Saunders"]
[SourceDate "2024.12.27"]
[SourceVersion "1"]
[SourceVersionDate "2024.12.27"]
[SourceQuality "1"]

1. e4 g6 2. d4 d6 3. f4 c6 4. Nc3 d5 5. e5 h5 6. Nf3 Nh6 7. Be2 Bg4 8. O-O Nf5 9. Qd3 e6 10. Ng5 Bxe2 11. Nxe2 h4 12. c3 Nd7 13. Qh3 Bg7 14. Qg4 Nb6 15. Nxe6 Qe7 16. Nxg7+ Nxg7 17. f5 Nxf5 18. Bg5 Qd7 19. Rae1 Nc4 20. e6 fxe6 21. Bf6 Rg8 22. Bg5 Nce3 23. Bxe3 Nxe3 24. Rf8+ Rxf8 25. Qg5 Qf7 26. Qxe3 O-O-O 27. Nc1 Rde8 28. Nd3 Qf5 29. b4 g5 30. a4 Rf6 31. Ne5 Kc7 32. b5 Ref8 33. bxc6 bxc6 34. Nf3 Rg8 35. Qe2 h3 36. Qa6 Ra8 37. Qa5+ 0-1

[Event "Scarborough Intermediate 47th"]
[Site "Scarborough"]
[Date "2024.10.25"]
[Round "1.1"]
[White "Greatorex, Roger"]
[Black "Mounce, Richard B"]
[Result "0-1"]
[WhiteElo "1752"]
[BlackElo "1974"]
[PlyCount "76"]
[EventDate "2024.10.25"]
[EventType "swiss"]
[EventRounds "5"]
[EventCountry "ENG"]
[SourceTitle "BritBase"]
[Source "John Saunders"]
[SourceDate "2024.12.27"]
[SourceVersion "1"]
[SourceVersionDate "2024.12.27"]
[SourceQuality "1"]

1. c4 e5 2. Nc3 Nf6 3. Nf3 Nc6 4. e3 d5 5. cxd5 Nxd5 6. Bb5 Nxc3 7. Bxc6+ bxc6 8. bxc3 e4 9. Nd4 Bd6 10. Ne2 O-O 11. Ng3 Qe7 12. Qa4 f5 13. Qxc6 Rb8 14. Qa4 Bd7 15. Qc2 Bb5 16. Qb3+ Kh8 17. Nxf5 Rxf5 18. a4 Rxf2 19. axb5 Qh4 20. Kd1 Qg4+ 21. Kc2 Qxg2 22. Rd1 Bc5 23. c4 Rd8 24. Qc3 Qxh2 25. Bb2 Rg2 26. Ba3 Bxa3 27. Rxa3 h5 28. Qb4 h4 29. Rxa7 h3 30. c5 Qe5 31. Raa1 Qd5 32. Qc3 h2 33. b6 cxb6 34. cxb6 Qb7 35. Qa5 Rc8+ 36. Kb1 Qc6 37. Qh5+ Kg8 38. Ra2 Rg1 0-1

[Event "Scarborough Intermediate 47th"]
[Site "Scarborough"]
[Date "2024.10.25"]
[Round "1.3"]
[White "Allen, Michael Ei"]
[Black "Clegg, Robert"]
[Result "1/2-1/2"]
[WhiteElo "1754"]
[BlackElo "1744"]
[PlyCount "60"]
[EventDate "2024.10.25"]
[EventType "swiss"]
[EventRounds "5"]
[EventCountry "ENG"]
[SourceTitle "BritBase"]
[Source "John Saunders"]
[SourceDate "2024.12.27"]
[SourceVersion "1"]
[SourceVersionDate "2024.12.27"]
[SourceQuality "1"]

1. d4 Nf6 2. c4 g6 3. Nc3 Bg7 4. e4 d6 5. h3 O-O 6. Be3 c6 7. g4 e5 8. d5 Qc7 9. Nge2 Nbd7 10. Ng3 a6 11. Qd2 Rb8 12. a4 Nc5 13. Qc2 cxd5 14. cxd5 Bd7 15. g5 Ne8 16. h4 b5 17. axb5 axb5 18. Rc1 Na4 19. h5 Nxc3 {[=]} 20. hxg6 fxg6 21. Qxc3 Qb7 22. b4 Rc8 23. Qb2 Rxc1+ 24. Bxc1 Nc7 25. f3 Rxf3 26. Qh2 Qa7 27. Qxh7+ Kf8 28. Qh4 Qa1 29. Kd1 Qa4+ 30. Ke1 Qa1 1/2-1/2

[Event "Scarborough Intermediate 47th"]
[Site "Scarborough"]
[Date "2024.10.25"]
[Round "1.5"]
[White "Morrison, Munroe L"]
[Black "Donahue, Randolph"]
[Result "0-1"]
[WhiteElo "1793"]
[BlackElo "1824"]
[PlyCount "94"]
[EventDate "2024.10.25"]
[EventType "swiss"]
[EventRounds "5"]
[EventCountry "ENG"]
[SourceTitle "BritBase"]
[Source "John Saunders"]
[SourceDate "2024.12.27"]
[SourceVersion "1"]
[SourceVersionDate "2024.12.27"]
[SourceQuality "1"]

1. e4 e5 2. Nf3 Nf6 3. Nc3 Bb4 4. Nxe5 O-O 5. Nd3 Bxc3 6. dxc3 Nxe4 7. Be2 Re8 8. O-O d6 9. Bg4 Nd7 10. Re1 Nf8 11. Be3 Ng6 12. Nf4 Nxf2 13. Bxf2 Nxf4 14. Rxe8+ Qxe8 15. Bf3 Ng6 16. Qd2 Ne5 17. Re1 Nxf3+ 18. gxf3 Be6 19. Qg5 h6 20. Qg3 Qb5 21. h4 Qf5 22. Bd4 g6 23. Re4 c5 24. Be3 Kh7 25. Rf4 Qxc2 26. Rf6 Qd1+ 27. Kg2 Qe2+ 28. Bf2 Rd8 29. h5 g5 30. b4 Kg7 31. Rxe6 Qxe6 32. bxc5 dxc5 33. Bxc5 Rd2+ 34. Bf2 Qe2 35. f4 Qe4+ 36. Kh3 Rd3 37. Bd4+ Kh7 38. fxg5 Rxg3+ 39. Kxg3 hxg5 40. Bxa7 f5 41. Bd4 Qd3+ 42. Kg2 f4 43. a4 g4 44. a5 Qe2+ 45. Kg1 f3 46. Bf2 g3 47. Bxg3 Qg2# 0-1

[Event "Scarborough Intermediate 47th"]
[Site "Scarborough"]
[Date "2024.10.25"]
[Round "1.11"]
[White "Doherty, Paul D"]
[Black "Ormerod, Stephen"]
[Result "1-0"]
[WhiteElo "1809"]
[BlackElo "1785"]
[PlyCount "102"]
[EventDate "2024.10.25"]
[EventType "swiss"]
[EventRounds "5"]
[EventCountry "ENG"]
[SourceTitle "BritBase"]
[Source "John Saunders"]
[SourceDate "2024.12.27"]
[SourceVersion "1"]
[SourceVersionDate "2024.12.27"]
[SourceQuality "1"]

1. e4 e6 2. a3 d5 3. e5 c5 4. b4 Nc6 5. f4 cxb4 6. axb4 Bxb4 7. c3 Be7 8. d4 Nh6 9. Bd3 O-O 10. Ne2 f6 11. O-O fxe5 12. fxe5 Rxf1+ 13. Qxf1 Bg5 14. Na3 Bxc1 15. Qxc1 Qf8 16. Qg5 Qe7 17. Qf4 Bd7 18. Nb5 Rf8 19. Qg3 Nf5 20. Bxf5 exf5 21. Nd6 Be6 22. Nf4 Qd7 23. Nxb7 Qxb7 24. Nxe6 Rf7 25. Qf3 Qb5 26. Ng5 Rf8 27. Qh5 h6 28. Ne6 Rf7 29. Qf3 Qb2 30. Rf1 Ne7 31. Qd3 a5 32. Rb1 Qa3 33. Rb8+ Kh7 34. Nf8+ Kg8 35. Nd7+ Kh7 36. e6 Qc1+ 37. Kf2 Qf4+ 38. Ke1 Rf6 39. Nxf6+ gxf6 40. Rf8 Ng6 41. e7 Qc1+ 42. Kf2 Qf4+ 43. Kg1 Qc1+ 44. Qf1 Qe3+ 45. Kh1 Qxe7 46. Ra8 Nh4 47. Rxa5 Qe4 48. Ra2 Ng6 49. Re2 Qg4 50. h3 Qg3 51. Qxf5 Qxc3 1-0

[Event "Scarborough Intermediate 47th"]
[Site "Scarborough"]
[Date "2024.10.25"]
[Round "1.17"]
[White "Howorth, Jack"]
[Black "Maydew, Simon"]
[Result "0-1"]
[WhiteElo "1770"]
[BlackElo "1942"]
[PlyCount "42"]
[EventDate "2024.10.25"]
[EventType "swiss"]
[EventRounds "5"]
[EventCountry "ENG"]
[SourceTitle "BritBase"]
[Source "John Saunders"]
[SourceDate "2024.12.27"]
[SourceVersion "1"]
[SourceVersionDate "2024.12.27"]
[SourceQuality "1"]

1. e4 d5 2. exd5 Qxd5 3. Nc3 Qd6 4. d4 Nf6 5. Nf3 a6 6. Be2 Nc6 7. O-O Bg4 8. Bg5 O-O-O 9. Bxf6 gxf6 10. Ne4 Qd5 11. Nc5 e6 12. c4 Qf5 13. Nxa6 Bxf3 14. Bxf3 Nxd4 15. Bg4 Qa5 16. Nxc7 Kxc7 17. a3 Rg8 18. c5 Qb5 19. b4 Qc6 20. a4 f5 21. b5 Qe4 0-1

[Event "Scarborough Intermediate 47th"]
[Site "Scarborough"]
[Date "2024.10.25"]
[Round "1.20"]
[White "Dean, Robert A"]
[Black "Grasham, John"]
[Result "1/2-1/2"]
[WhiteElo "1779"]
[BlackElo "1783"]
[PlyCount "64"]
[EventDate "2024.10.25"]
[EventType "swiss"]
[EventRounds "5"]
[EventCountry "ENG"]
[SourceTitle "BritBase"]
[Source "John Saunders"]
[SourceDate "2024.12.27"]
[SourceVersion "1"]
[SourceVersionDate "2024.12.27"]
[SourceQuality "1"]

1. e4 e6 2. d4 d5 3. Nd2 c5 4. exd5 exd5 5. Bb5+ Bd7 6. Qe2+ Be7 7. Bxd7+ Nxd7 8. Ngf3 Ngf6 9. O-O O-O 10. dxc5 Bxc5 11. Nb3 Re8 12. Qd3 Qb6 13. Nxc5 Nxc5 14. Qf5 Nce4 15. Be3 Qc7 16. c3 b6 17. Rfd1 Nd6 18. Qh3 Nc4 19. Bd4 Nxb2 20. Rdb1 Re2 21. Bxf6 gxf6 22. Nd4 Rd2 23. Qh6 Rxd4 24. cxd4 Nd3 25. Qxf6 Re8 26. Qg5+ Kh8 27. Rd1 Qc2 28. Qf5 Re4 29. Qxf7 Rf4 30. Qe8+ Kg7 31. Qe7+ Rf7 32. Qg5+ Kf8 1/2-1/2

[Event "Scarborough Intermediate 47th"]
[Site "Scarborough"]
[Date "2024.10.25"]
[Round "1.22"]
[White "Aitchison, A Keith"]
[Black "Beswick, Andrew"]
[Result "1-0"]
[WhiteElo "1768"]
[BlackElo "1589"]
[PlyCount "53"]
[EventDate "2024.10.25"]
[EventType "swiss"]
[EventRounds "5"]
[EventCountry "ENG"]
[SourceTitle "BritBase"]
[Source "John Saunders"]
[SourceDate "2024.12.27"]
[SourceVersion "1"]
[SourceVersionDate "2024.12.27"]
[SourceQuality "1"]

1. e4 e5 2. Nf3 Nc6 3. Bc4 Nf6 4. d4 exd4 5. e5 d5 6. Bb5 Ne4 7. Nxd4 Bd7 8. Bxc6 bxc6 9. O-O Bc5 10. Be3 O-O 11. f3 Ng5 12. f4 Ne4 13. Nd2 Nxd2 14. Qxd2 Bb6 15. Nb3 Bf5 16. Bxb6 cxb6 17. Nd4 Bd7 18. f5 Qc7 19. Rfe1 c5 20. f6 gxf6 21. exf6 Kh8 22. Re7 Rg8 23. Nf3 Qd6 24. Ne5 Be6 25. Qf4 Rad8 26. Rxf7 d4 27. Rxh7+ 1-0

[Event "Scarborough Intermediate 47th"]
[Site "Scarborough"]
[Date "2024.10.25"]
[Round "1.25"]
[White "Roychowdhury, Aashita"]
[Black "Blewitt, Stephen"]
[Result "1/2-1/2"]
[WhiteElo "1525"]
[BlackElo "1831"]
[PlyCount "111"]
[EventDate "2024.10.25"]
[EventType "swiss"]
[EventRounds "5"]
[EventCountry "ENG"]
[SourceTitle "BritBase"]
[Source "John Saunders"]
[SourceDate "2024.12.27"]
[SourceVersion "1"]
[SourceVersionDate "2024.12.27"]
[SourceQuality "1"]

1. e4 c6 2. Nf3 d5 3. exd5 cxd5 4. d4 Nf6 5. Bf4 Nc6 6. c3 Bg4 7. Bd3 e6 8. Nbd2 Bd6 9. Bg3 a6 10. O-O Bxg3 11. hxg3 Qc7 12. Re1 b5 13. Qe2 O-O 14. a4 b4 15. Bxa6 bxc3 16. bxc3 Ne4 17. Bb5 Nxc3 18. Qd3 Nxb5 19. Qxb5 Ra5 20. Qb2 Qa7 21. Rec1 Ra6 22. Ra3 Rxa4 23. Rxa4 Qxa4 24. Ra1 Qb4 25. Qxb4 Nxb4 26. Ra7 Bf5 27. Rb7 Nc6 28. Rc7 Nd8 29. Nb3 f6 30. Nh4 Bg4 31. f3 Bh5 32. g4 Bf7 33. f4 g5 34. fxg5 fxg5 35. Nf3 h6 36. Ne5 Be8 37. Re7 h5 38. Nc5 hxg4 39. Nxg4 Bh5 40. Ne5 Re8 41. Rd7 Nf7 42. Nxf7 Bxf7 43. Nd3 Kf8 44. Ne5 Re7 45. Rxe7 Kxe7 46. Kf2 Kf6 47. Kf3 Be8 48. g4 Ba4 49. Ke3 Bd1 50. Kd2 Bxg4 51. Nxg4+ Kf5 52. Ne5 Kf4 53. Kd3 g4 54. Ng6+ Kg5 55. Ne5 Kf4 56. Ng6+ 1/2-1/2

[Event "Scarborough Intermediate 47th"]
[Site "Scarborough"]
[Date "2024.10.26"]
[Round "2.1"]
[White "Mounce, Richard B"]
[Black "Mcclatchey, Rob"]
[Result "1-0"]
[WhiteElo "1974"]
[BlackElo "1754"]
[PlyCount "77"]
[EventDate "2024.10.25"]
[EventType "swiss"]
[EventRounds "5"]
[EventCountry "ENG"]
[SourceTitle "BritBase"]
[Source "John Saunders"]
[SourceDate "2024.12.27"]
[SourceVersion "1"]
[SourceVersionDate "2024.12.27"]
[SourceQuality "1"]

1. e4 d6 2. d4 Nf6 3. Nc3 c6 4. Nf3 Bg4 5. Be2 e6 6. O-O Be7 7. Be3 O-O 8. e5 dxe5 9. Nxe5 Bxe2 10. Qxe2 Nbd7 11. f4 Nd5 12. Ne4 Nxe3 13. Qxe3 Nf6 14. c3 Nxe4 15. Qxe4 Qd5 16. Qxd5 cxd5 17. f5 Bd6 18. Rae1 Bxe5 19. Rxe5 exf5 20. Rxd5 f6 21. Re1 Rf7 22. Rxf5 Kf8 23. Rf3 Re7 24. Rfe3 Rd7 25. Kf2 Rad8 26. R1e2 Kf7 27. a4 Rc8 28. Ke1 a5 29. Kd2 Rc6 30. b3 b6 31. Kd3 h5 32. c4 Rcd6 33. d5 Rc7 34. Re6 Rcd7 35. Kc3 Kg6 36. b4 axb4+ 37. Kxb4 Kf5 38. Kb5 g6 39. Rf2+ 1-0

[Event "Scarborough Intermediate 47th"]
[Site "Scarborough"]
[Date "2024.10.26"]
[Round "2.6"]
[White "White, Gary M"]
[Black "Holroyd-Doveton, Nathaniel"]
[Result "0-1"]
[WhiteElo "1780"]
[BlackElo "1719"]
[PlyCount "86"]
[EventDate "2024.10.25"]
[EventType "swiss"]
[EventRounds "5"]
[EventCountry "ENG"]
[SourceTitle "BritBase"]
[Source "John Saunders"]
[SourceDate "2024.12.27"]
[SourceVersion "1"]
[SourceVersionDate "2024.12.27"]
[SourceQuality "1"]

1. f4 e6 2. e4 d5 3. exd5 exd5 4. Nf3 Nf6 5. Be2 Be7 6. O-O O-O 7. d3 c6 8. Be3 Re8 9. Ne5 Nbd7 10. d4 Ne4 11. Nd2 Nxd2 12. Bxd2 f6 13. Bh5 fxe5 14. Bxe8 Qxe8 15. fxe5 Nf8 16. Qf3 Qg6 17. Rae1 Ne6 18. c3 Bd7 19. Qh3 Rd8 20. Qf3 Bg5 21. Bxg5 Nxg5 22. Qg3 Ne4 23. Qxg6 hxg6 24. Rf4 Rf8 25. Rxf8+ Kxf8 26. h3 Be6 27. g4 g5 28. Re3 Ke7 29. Kg2 a6 30. Kf3 Nd2+ 31. Ke2 Nc4 32. Rf3 Nxb2 33. Kf2 Nc4 34. Rd3 Bf7 35. Kg3 Bg6 36. Rf3 Nd2 37. Rf5 Ne4+ 38. Kf3 Bxf5 39. gxf5 Nxc3 40. Kg4 Ne4 41. h4 gxh4 42. Kxh4 Kf7 43. Kh5 b5 0-1